000 00565nam a22001937a 4500
005 20251108173252.0
008 250721s2006 xx 000 0 ara d
082 1 4 _a658.312/عزا
100 1 _aالغزاوي، نجم
245 1 0 _aالتدريب الإداري /
264 1 _aعمان :
_bدار اليازوري العلمية للنشر،
_c2006.
300 _a203ص
650 1 7 _aالادارة
650 1 7 _aالتدريب
650 1 7 _aاساليب التدريب
650 1 7 _aالتدريب المتخصص
942 _2ddc
_cBK
999 _c99961
_d99961